All Girls' Generation Songs (until Forever 1) - Statistics

General Stats
  • This quiz has been taken 29 times
  • The average score is 43 of 144
Answer Stats
Answer % Correct
☆★☆
100%
Gee
95%
Into the New World
95%
The Boys
95%
Forever
90%
Genie
90%
Oh!
90%
Forever 1
85%
Girls
85%
Lion Heart
85%
Girls’ Generation
80%
Holiday
80%
I Got a Boy
80%
Mr.Mr.
80%
Hoot
75%
Mr. Taxi
75%
Catch Me If You Can
70%
Paparazzi
65%
Party
65%
Baby Baby
60%
Run Devil Run
60%
Way To Go
60%
Kissing You
55%
All Night
50%
Flower Power
50%
Show! Show! Show!
50%
Bad Girl
45%
Dancing Queen
45%
Etude
45%
You Think
45%
Galaxy Supernova
40%
Talk Talk
40%
The Time Machine
40%
Villain
40%
All My Love is for You
35%
Boyfriend
35%
Girlfriend
35%
Snowy Wish
35%
Trick
35%
Back Hug
30%
Beginning
30%
Boys & Girls (feat. KEY)
30%
Chocolate Love
30%
Europa
30%
Fan
30%
Honey
30%
Love & Girls
30%
Oscar
30%
Animal
25%
Baby Maybe
25%
Be Happy
25%
Check
25%
Complete
25%
Day By Day
25%
Dear. Mom
25%
Express 999
25%
Goodbye
25%
Green Light
25%
Karma Butterfly
25%
Mood Lamp
25%
My Best Friend
25%
My J
25%
Show Girls
25%
Sweet Talk
25%
Telepathy
25%
TOP
25%
XYZ
25%
You-aholic
25%
Blue Jeans
20%
Bump It
20%
Closer
20%
Destiny
20%
Girls & Peace
20%
Girls Are Back
20%
HaHaHa Song
20%
Lazy Girl (Dolce Far Niente)
20%
Let’s Talk About Love
20%
Lucky Like That
20%
Merry-Go-Round
20%
Mistake
20%
My Oh My
20%
Ooh La-La!
20%
Perfect For You
20%
Reflection
20%
Say Yes
20%
Stay Girls
20%
Sunflower
20%
Tears
20%
Top Secret
20%
Vitamin
20%
7989
15%
Beautiful Stranger
15%
Beep Beep
15%
Boomerang
15%
Born to Be a Lady
15%
Do the Catwalk
15%
Echo
15%
Flyers
15%
How Great Is Your Love
15%
I’m in Love with the Hero
15%
Let It Rain
15%
Lips
15%
One Afternoon
15%
One Last Time
15%
Paper Plane
15%
Romantic St.
15%
Seoul (with Super Junior)
15%
Seventeen
15%
Soul
15%
Sweet Talking Baby
15%
The Great Escape
15%
Tinkerbell
15%
Visual Dreams (POP! POP!)
15%
Wait a Minute
15%
You Better Run
15%
Freedom
10%
I’m a Diamond
10%
Light Up the Sky
10%
Lost in Love
10%
Love Is Bitter
10%
Motorcycle
10%
My Child
10%
Not Alone
10%
One Year Later
10%
Paradise
10%
Stick Wit U
10%
Summer Night
10%
Talk To Me
10%
Cabi Song (with 2PM)
5%
Everyday Love
5%
Fire Alarm
5%
It’s You
5%
La La La (with Yoon Sang)
5%
Lingua Franca
5%
Sign
5%
Wake Up
5%
Cooky
0%
Girls’ Generation II Smash-Up (feat. Sean Paul)
0%
Gossip Girls
0%
Look at Me
0%
Only One
0%
Promice
0%
No matching quizzes found
Score Distribution
Percent of People with Each Score
Percentile by Number Answered
Your Score History
You have not taken this quiz